| 000 | 00642nam a22002297a 4500 | ||
|---|---|---|---|
| 999 |
_c3627 _d3627 |
||
| 003 | AR-CdUCM | ||
| 008 | 190307b ||||| |||| 00| 0 spa d | ||
| 040 |
_aMUNICIPALIDAD PROVINCIAL DEL CUSCO _cBIBLIOTECA MUNICIPAL DEL CUSCO |
||
| 041 | _heng | ||
| 082 |
_a818.5 / _bB84 |
||
| 100 |
_aBromfield, Louis _91625 |
||
| 245 | _aNoche en Bombay / | ||
| 260 |
_aBarcelona : _bPlaneta, _c1951. |
||
| 300 |
_a369 paginas ; _c20 cm. |
||
| 505 | _aNovela. | ||
| 650 |
_aLiteratura inglesa _91015 |
||
| 650 |
_aNovelas de costumbres _9168 |
||
| 650 |
_aSiglo XX _98 |
||
| 700 |
_aValdanzo, Santiago _911829 |
||
| 942 |
_2ddc _cLIBROS |
||
| 945 | _aacv | ||